| 000 | 00735nam a2200229 u 4500 | ||
|---|---|---|---|
| 005 | 20240911063840.0 | ||
| 008 | 181112s2018 r 000 0 eng d | ||
| 020 | _a9789211219814 | ||
| 035 | _aUPN01000227763 | ||
| 049 | _aCG | ||
| 050 | 4 |
_aHG185 A4.4 _bE8.7 |
|
| 245 | 0 | 0 |
_aEstudios sobre financierización en América Latina / _ced. Martín Abeles. |
| 260 |
_aSantiago : _bCEPAL, _c2018. |
||
| 300 |
_a355 p. : _bgráfs., cuadros |
||
| 440 | 0 |
_aLibros de la CEPAL ; _v152 |
|
| 650 | 4 |
_aFINANZAS - _zAMERICA LATINA _915095 |
|
| 650 | 4 |
_aINVERSIONES INTERNACIONALES - _zAMERICA LATINA _927433 |
|
| 651 | 4 |
_aAmérica Latina _xPolítica económica _93988 |
|
| 700 | 1 |
_aAbeles, Martín, _eed. |
|
| 905 | _aLibro | ||
| 999 |
_c199858 _d199858 |
||